Statistiques concernant Métropoles mondiales

Cliquez ici pour prendre le quiz!

Statistiques générales

  • Ce quiz a été pris 124 fois
  • Le résultat moyen est 2 sur 27

Réponses sur la Carte

Les réponses sont colorées sur une échelle allant du rouge au vert en fonction du pourcentage des utilisateurs qui les ont devinées à leur premier essai. Vous pouvez retrouver ces pourcentages ci-dessous.
 

Statistiques - réponses

Réponse% Correct
Bangkok
26%
Berlin
20%
Dehli
15%
Bombay
10%
Chicago
10%
Jakarta
9%
Buenos Aires
7%
Dhaka
6%
Istanbul
5%
New York
5%
Paris
5%
Lagos
4%
Mexico City
4%
Moscou
4%
Shanghai
4%
Calcutta
2%
Le Caire
2%
Los Angeles
2%
Osaka
2%
Rio de Janeiro
2%
São Paulo
2%
Seoul
2%
Tokyo
2%
Londres
1%
Manille
1%
Pékin
1%
Singapour
0%

Distribution des résultats

Percentile par nombre de réponses

% des personnes avec chaque résultat

Votre développement - résultats

Vous n’avez pas pris ce quiz